|
|
|
|
| LEADER |
00785nem a2200229 a 4500 |
| 001 |
000564880 |
| 003 |
CZ BrMZK |
| 005 |
20150420135758.0 |
| 007 |
aj canzn |
| 008 |
021107s1967 xr a | cze d |
| 034 |
1 |
|
|a a
|b 3000000
|
| 040 |
|
|
|a BOA001
|b cze
|
| 245 |
0 |
0 |
|a Československo
|h [kartografický dokument] :
|b posuvná automapa /
|c odp. red. Eva Vajdlová
|
| 250 |
|
|
|a 1. vyd.
|
| 255 |
|
|
|a Měřítko 1:3 000 000
|
| 260 |
|
|
|a Praha :
|b Kartografické nakladatelství,
|c 1967
|
| 300 |
|
|
|a 1 list ;
|c 14 x 29 cm s posuvnou vložkou
|
| 700 |
1 |
|
|a Vajdlová, Eva
|7 jk01141166
|4 red
|
| 910 |
|
|
|a BOA001
|b PK-N-0013.507
|
| 964 |
|
|
|a ČSSR - mapy automobilové posuvné
|
| 990 |
|
|
|a MP
|
| 996 |
6 |
|
|b 3119678810
|c PK-N-0013.507
|l MZK
|r Sklad / do 1 hodiny
|n 0
|w 000564880
|u 000010
|a 1
|e BOA001
|j MZK50
|s P
|